<?xml version="1.0" encoding="UTF-8"?>
<record
    xmlns:xsi="http://www.w3.org/2001/XMLSchema-instance"
    xsi:schemaLocation="http://www.loc.gov/MARC21/slim http://www.loc.gov/standards/marcxml/schema/MARC21slim.xsd"
    xmlns="http://www.loc.gov/MARC21/slim">

  <leader>02453nam a22004217a 4500</leader>
  <datafield tag="952" ind1=" " ind2=" ">
    <subfield code="0">0</subfield>
    <subfield code="1">0</subfield>
    <subfield code="4">0</subfield>
    <subfield code="7">0</subfield>
    <subfield code="a">19</subfield>
    <subfield code="b">19</subfield>
    <subfield code="d">2015-01-26</subfield>
    <subfield code="l">0</subfield>
    <subfield code="o">HF5834.25 J6318 2012</subfield>
    <subfield code="p">19 002102</subfield>
    <subfield code="r">2015-01-26</subfield>
    <subfield code="t">1</subfield>
    <subfield code="w">2015-01-26</subfield>
    <subfield code="y">LB</subfield>
  </datafield>
  <datafield tag="952" ind1=" " ind2=" ">
    <subfield code="0">0</subfield>
    <subfield code="1">0</subfield>
    <subfield code="4">0</subfield>
    <subfield code="7">0</subfield>
    <subfield code="a">22</subfield>
    <subfield code="b">22</subfield>
    <subfield code="d">2015-06-17</subfield>
    <subfield code="l">1</subfield>
    <subfield code="o">HF5834.25 J6318 2012</subfield>
    <subfield code="p">22 001028</subfield>
    <subfield code="r">2018-04-17</subfield>
    <subfield code="s">2018-04-17</subfield>
    <subfield code="t">1</subfield>
    <subfield code="w">2015-06-17</subfield>
    <subfield code="y">LB</subfield>
  </datafield>
  <datafield tag="952" ind1=" " ind2=" ">
    <subfield code="0">0</subfield>
    <subfield code="1">0</subfield>
    <subfield code="4">0</subfield>
    <subfield code="7">0</subfield>
    <subfield code="a">12</subfield>
    <subfield code="b">12</subfield>
    <subfield code="d">2015-09-08</subfield>
    <subfield code="l">0</subfield>
    <subfield code="o">HF5834.25 J6318 2012</subfield>
    <subfield code="p">12 003229</subfield>
    <subfield code="r">2015-09-08</subfield>
    <subfield code="t">1</subfield>
    <subfield code="w">2015-09-08</subfield>
    <subfield code="y">LB</subfield>
  </datafield>
  <datafield tag="952" ind1=" " ind2=" ">
    <subfield code="0">0</subfield>
    <subfield code="1">0</subfield>
    <subfield code="4">0</subfield>
    <subfield code="7">0</subfield>
    <subfield code="a">12</subfield>
    <subfield code="b">12</subfield>
    <subfield code="d">2015-12-09</subfield>
    <subfield code="l">0</subfield>
    <subfield code="o">HF5834.25 J6318 2012</subfield>
    <subfield code="p">12 001141</subfield>
    <subfield code="r">2015-12-09</subfield>
    <subfield code="t">2</subfield>
    <subfield code="w">2015-12-09</subfield>
    <subfield code="y">LB</subfield>
  </datafield>
  <datafield tag="952" ind1=" " ind2=" ">
    <subfield code="0">0</subfield>
    <subfield code="1">0</subfield>
    <subfield code="4">0</subfield>
    <subfield code="7">0</subfield>
    <subfield code="a">12</subfield>
    <subfield code="b">12</subfield>
    <subfield code="d">2016-03-03</subfield>
    <subfield code="l">0</subfield>
    <subfield code="o">HF5834.25 J6318 2012</subfield>
    <subfield code="p">12 004068</subfield>
    <subfield code="r">2016-03-03</subfield>
    <subfield code="t">3</subfield>
    <subfield code="w">2016-03-03</subfield>
    <subfield code="y">LB</subfield>
  </datafield>
  <datafield tag="952" ind1=" " ind2=" ">
    <subfield code="0">0</subfield>
    <subfield code="1">0</subfield>
    <subfield code="2">lcc</subfield>
    <subfield code="4">0</subfield>
    <subfield code="7">0</subfield>
    <subfield code="a">09</subfield>
    <subfield code="b">09</subfield>
    <subfield code="d">2017-03-03</subfield>
    <subfield code="l">0</subfield>
    <subfield code="o">HF5834.25 J6318 2012</subfield>
    <subfield code="p">09 004483</subfield>
    <subfield code="r">2017-03-03</subfield>
    <subfield code="t">1</subfield>
    <subfield code="w">2017-03-03</subfield>
    <subfield code="y">LB</subfield>
  </datafield>
  <datafield tag="952" ind1=" " ind2=" ">
    <subfield code="0">0</subfield>
    <subfield code="1">0</subfield>
    <subfield code="2">lcc</subfield>
    <subfield code="4">0</subfield>
    <subfield code="7">0</subfield>
    <subfield code="a">09</subfield>
    <subfield code="b">09</subfield>
    <subfield code="d">2017-03-16</subfield>
    <subfield code="l">0</subfield>
    <subfield code="o">HF5834.25 J6318 2012</subfield>
    <subfield code="p">09 004511</subfield>
    <subfield code="r">2017-03-16</subfield>
    <subfield code="t">2</subfield>
    <subfield code="w">2017-03-16</subfield>
    <subfield code="y">LB</subfield>
  </datafield>
  <datafield tag="952" ind1=" " ind2=" ">
    <subfield code="0">0</subfield>
    <subfield code="1">0</subfield>
    <subfield code="4">0</subfield>
    <subfield code="7">0</subfield>
    <subfield code="a">07</subfield>
    <subfield code="b">07</subfield>
    <subfield code="d">2017-11-13</subfield>
    <subfield code="l">0</subfield>
    <subfield code="o">HF5834.25 J6318 2012</subfield>
    <subfield code="p">07 006267</subfield>
    <subfield code="r">2017-11-13</subfield>
    <subfield code="t">1</subfield>
    <subfield code="w">2017-11-13</subfield>
    <subfield code="y">LB</subfield>
  </datafield>
  <datafield tag="952" ind1=" " ind2=" ">
    <subfield code="0">0</subfield>
    <subfield code="1">0</subfield>
    <subfield code="4">0</subfield>
    <subfield code="7">0</subfield>
    <subfield code="a">07</subfield>
    <subfield code="b">07</subfield>
    <subfield code="d">2017-11-17</subfield>
    <subfield code="l">0</subfield>
    <subfield code="o">HF5834.25 J6318 2012</subfield>
    <subfield code="p">07 006290</subfield>
    <subfield code="r">2017-11-17</subfield>
    <subfield code="t">2</subfield>
    <subfield code="w">2017-11-17</subfield>
    <subfield code="y">LB</subfield>
  </datafield>
  <datafield tag="952" ind1=" " ind2=" ">
    <subfield code="0">0</subfield>
    <subfield code="1">0</subfield>
    <subfield code="4">0</subfield>
    <subfield code="7">0</subfield>
    <subfield code="a">03</subfield>
    <subfield code="b">03</subfield>
    <subfield code="d">2017-12-05</subfield>
    <subfield code="l">0</subfield>
    <subfield code="o">HF5834.25 J6318 2012</subfield>
    <subfield code="p">03 009698</subfield>
    <subfield code="r">2017-12-05</subfield>
    <subfield code="t">1</subfield>
    <subfield code="w">2017-12-05</subfield>
    <subfield code="y">LB</subfield>
  </datafield>
  <datafield tag="952" ind1=" " ind2=" ">
    <subfield code="0">0</subfield>
    <subfield code="1">0</subfield>
    <subfield code="4">0</subfield>
    <subfield code="7">0</subfield>
    <subfield code="a">03</subfield>
    <subfield code="b">03</subfield>
    <subfield code="d">2017-12-06</subfield>
    <subfield code="l">0</subfield>
    <subfield code="o">HF5834.25 J6318 2012</subfield>
    <subfield code="p">03 009722</subfield>
    <subfield code="r">2017-12-06</subfield>
    <subfield code="t">2</subfield>
    <subfield code="w">2017-12-06</subfield>
    <subfield code="y">LB</subfield>
  </datafield>
  <datafield tag="952" ind1=" " ind2=" ">
    <subfield code="0">0</subfield>
    <subfield code="1">0</subfield>
    <subfield code="4">0</subfield>
    <subfield code="7">0</subfield>
    <subfield code="a">08</subfield>
    <subfield code="b">08</subfield>
    <subfield code="d">2018-02-06</subfield>
    <subfield code="l">0</subfield>
    <subfield code="o">HF5834.25 J6318 2012</subfield>
    <subfield code="p">08 006484</subfield>
    <subfield code="r">2018-02-06</subfield>
    <subfield code="t">1</subfield>
    <subfield code="w">2018-02-06</subfield>
    <subfield code="y">LB</subfield>
  </datafield>
  <datafield tag="952" ind1=" " ind2=" ">
    <subfield code="0">0</subfield>
    <subfield code="1">0</subfield>
    <subfield code="4">0</subfield>
    <subfield code="7">0</subfield>
    <subfield code="a">18</subfield>
    <subfield code="b">18</subfield>
    <subfield code="d">2016-07-08</subfield>
    <subfield code="l">2</subfield>
    <subfield code="o">HF5834.25 J6318 2012</subfield>
    <subfield code="p">18 003301</subfield>
    <subfield code="r">2019-03-20</subfield>
    <subfield code="s">2019-03-20</subfield>
    <subfield code="t">1</subfield>
    <subfield code="w">2018-02-06</subfield>
    <subfield code="y">LB</subfield>
  </datafield>
  <datafield tag="952" ind1=" " ind2=" ">
    <subfield code="0">0</subfield>
    <subfield code="1">0</subfield>
    <subfield code="4">0</subfield>
    <subfield code="7">0</subfield>
    <subfield code="a">18</subfield>
    <subfield code="b">18</subfield>
    <subfield code="d">2016-07-08</subfield>
    <subfield code="l">0</subfield>
    <subfield code="o">HF5834.25 J6318 2012</subfield>
    <subfield code="p">18 003302</subfield>
    <subfield code="r">2018-02-06</subfield>
    <subfield code="t">2</subfield>
    <subfield code="w">2018-02-06</subfield>
    <subfield code="y">LB</subfield>
  </datafield>
  <datafield tag="952" ind1=" " ind2=" ">
    <subfield code="0">0</subfield>
    <subfield code="1">0</subfield>
    <subfield code="4">0</subfield>
    <subfield code="7">0</subfield>
    <subfield code="a">08</subfield>
    <subfield code="b">08</subfield>
    <subfield code="d">2018-02-12</subfield>
    <subfield code="l">0</subfield>
    <subfield code="o">HF5834.25 J6318 2012</subfield>
    <subfield code="p">08 006508</subfield>
    <subfield code="r">2018-02-12</subfield>
    <subfield code="t">2</subfield>
    <subfield code="w">2018-02-12</subfield>
    <subfield code="y">LB</subfield>
  </datafield>
  <datafield tag="952" ind1=" " ind2=" ">
    <subfield code="0">0</subfield>
    <subfield code="1">0</subfield>
    <subfield code="4">0</subfield>
    <subfield code="7">0</subfield>
    <subfield code="a">22</subfield>
    <subfield code="b">22</subfield>
    <subfield code="d">2018-02-22</subfield>
    <subfield code="l">2</subfield>
    <subfield code="o">HF5834.25 J6318 2012</subfield>
    <subfield code="p">06 003765</subfield>
    <subfield code="r">2019-07-24</subfield>
    <subfield code="s">2019-07-24</subfield>
    <subfield code="t">1</subfield>
    <subfield code="w">2018-02-22</subfield>
    <subfield code="y">LB</subfield>
  </datafield>
  <datafield tag="952" ind1=" " ind2=" ">
    <subfield code="0">0</subfield>
    <subfield code="1">0</subfield>
    <subfield code="4">0</subfield>
    <subfield code="7">0</subfield>
    <subfield code="a">22</subfield>
    <subfield code="b">22</subfield>
    <subfield code="d">2018-02-26</subfield>
    <subfield code="l">4</subfield>
    <subfield code="o">HF5834.25 J6318 2012</subfield>
    <subfield code="p">06 003790</subfield>
    <subfield code="r">2019-11-08</subfield>
    <subfield code="s">2019-11-08</subfield>
    <subfield code="t">2</subfield>
    <subfield code="w">2018-02-26</subfield>
    <subfield code="y">LB</subfield>
  </datafield>
  <datafield tag="999" ind1=" " ind2=" ">
    <subfield code="c">95697</subfield>
    <subfield code="d">95697</subfield>
  </datafield>
  <controlfield tag="005">20231102151803.0</controlfield>
  <controlfield tag="008">150617s2012    mx abd||r|||| 00| 0 spa d</controlfield>
  <datafield tag="020" ind1=" " ind2=" ">
    <subfield code="a">9786073208529</subfield>
  </datafield>
  <datafield tag="050" ind1="0" ind2="4">
    <subfield code="a">HF5834.25</subfield>
    <subfield code="b">J6318 2012</subfield>
  </datafield>
  <datafield tag="100" ind1="1" ind2=" ">
    <subfield code="a">Jobber, David</subfield>
    <subfield code="e">autor</subfield>
  </datafield>
  <datafield tag="240" ind1=" " ind2=" ">
    <subfield code="a">Selling and sales management</subfield>
  </datafield>
  <datafield tag="245" ind1="1" ind2="0">
    <subfield code="a">Administraci&#xF3;n de ventas</subfield>
    <subfield code="c"> / David Jobber, Geoffrey Lancaster ; traducci&#xF3;n Marcia Aida Gonz&#xE1;lez Osuna</subfield>
  </datafield>
  <datafield tag="250" ind1=" " ind2=" ">
    <subfield code="a">8a. edici&#xF3;n</subfield>
  </datafield>
  <datafield tag="260" ind1=" " ind2="3">
    <subfield code="a">M&#xE9;xico</subfield>
    <subfield code="b"> : Pearson Educaci&#xF3;n</subfield>
    <subfield code="c"> , 2012</subfield>
  </datafield>
  <datafield tag="300" ind1=" " ind2=" ">
    <subfield code="a">xviii, 540 p&#xE1;ginas</subfield>
    <subfield code="b">: ilustraciones</subfield>
  </datafield>
  <datafield tag="500" ind1=" " ind2=" ">
    <subfield code="a">Incluye: &#xED;ndice anal&#xED;tico (pp. 533-540)</subfield>
  </datafield>
  <datafield tag="505" ind1=" " ind2=" ">
    <subfield code="a">Perspectiva de ventas
Entorno de ventas
T&#xE9;cnicas de ventas
Administraci&#xF3;n de ventas
Control de ventas</subfield>
  </datafield>
  <datafield tag="519" ind1=" " ind2=" ">
    <subfield code="a">Plan Flexible / </subfield>
    <subfield code="b">Administraci&#xF3;n / </subfield>
    <subfield code="c">Administraci&#xF3;n de la mercadotecnia (P01-2) / </subfield>
    <subfield code="d">(19 002102)</subfield>
  </datafield>
  <datafield tag="519" ind1=" " ind2=" ">
    <subfield code="a">Plan Flexible / </subfield>
    <subfield code="b">Mercadotecnia Digital / </subfield>
    <subfield code="c">Promoci&#xF3;n de Ventas en L&#xED;nea (P03-3) / </subfield>
    <subfield code="d">(06 003765)</subfield>
  </datafield>
  <datafield tag="519" ind1=" " ind2=" ">
    <subfield code="a">Plan Flexible / </subfield>
    <subfield code="b">Mercadotecnia Digital / </subfield>
    <subfield code="c">Promoci&#xF3;n de Ventas en L&#xED;nea (P03-3) / </subfield>
    <subfield code="d">(08 006484)</subfield>
  </datafield>
  <datafield tag="519" ind1=" " ind2=" ">
    <subfield code="a">Plan Flexible / </subfield>
    <subfield code="b">Mercadotecnia Digital / </subfield>
    <subfield code="c">Administraci&#xF3;n de Ventas en L&#xED;nea (P13-1) / </subfield>
    <subfield code="d">(06 003790)</subfield>
  </datafield>
  <datafield tag="519" ind1=" " ind2=" ">
    <subfield code="a">Plan Flexible / </subfield>
    <subfield code="b">Mercadotecnia Digital / </subfield>
    <subfield code="c">Administraci&#xF3;n de Ventas en L&#xED;nea (P13-1) / </subfield>
    <subfield code="d">(08 006508)</subfield>
  </datafield>
  <datafield tag="519" ind1=" " ind2=" ">
    <subfield code="a">Plan Flexible / </subfield>
    <subfield code="b">Mercadotecnia Digital / </subfield>
    <subfield code="c">Promoci&#xF3;n de Ventas en L&#xED;nea (P03-3) / </subfield>
    <subfield code="d">(09 004483)</subfield>
  </datafield>
  <datafield tag="519" ind1=" " ind2=" ">
    <subfield code="a">Plan Flexible / </subfield>
    <subfield code="b">Mercadotecnia Digital / </subfield>
    <subfield code="c">Promoci&#xF3;n de Ventas en L&#xED;nea (P03-3) / </subfield>
    <subfield code="d">(07 006290)</subfield>
  </datafield>
  <datafield tag="519" ind1=" " ind2=" ">
    <subfield code="a">Plan Flexible / </subfield>
    <subfield code="b">Mercadotecnia Digital / </subfield>
    <subfield code="c">Administraci&#xF3;n de Ventas en Linea (P13-1) / </subfield>
    <subfield code="d">(09 009722)</subfield>
  </datafield>
  <datafield tag="519" ind1=" " ind2=" ">
    <subfield code="a">Plan Flexible / </subfield>
    <subfield code="b">Mercadotecnia Digital / </subfield>
    <subfield code="c">Administraci&#xF3;n de Ventas en Linea (P13-1) / </subfield>
    <subfield code="d">(09 004511)</subfield>
  </datafield>
  <datafield tag="519" ind1=" " ind2=" ">
    <subfield code="a">Plan Flexible / </subfield>
    <subfield code="b">Mercadotecnia Digital / </subfield>
    <subfield code="c">Administraci&#xF3;n de Ventas en Linea (P03-3) / </subfield>
    <subfield code="d">(03 009698)</subfield>
  </datafield>
  <datafield tag="519" ind1=" " ind2=" ">
    <subfield code="a">Plan Flexible / </subfield>
    <subfield code="b">Mercadotecnia Digital / </subfield>
    <subfield code="c">Administraci&#xF3;n de Ventas en Linea (P03-3) / </subfield>
    <subfield code="d">(07 006267)</subfield>
  </datafield>
  <datafield tag="519" ind1=" " ind2=" ">
    <subfield code="a">Educaci&#xF3;n Mixta / </subfield>
    <subfield code="b">Administraci&#xF3;n / </subfield>
    <subfield code="c">Administraci&#xF3;n de la Mercadotecnia (P01) / </subfield>
    <subfield code="d">(22 001028)</subfield>
  </datafield>
  <datafield tag="650" ind1="1" ind2="4">
    <subfield code="a">VENTAS</subfield>
    <subfield code="x">ESTRAT&#xC9;GIAS</subfield>
  </datafield>
  <datafield tag="650" ind1="2" ind2="4">
    <subfield code="a">MARKETING DIRECTO</subfield>
  </datafield>
  <datafield tag="650" ind1="2" ind2="4">
    <subfield code="a">RECLUTAMIENTO Y SELECCI&#xD3;N</subfield>
  </datafield>
  <datafield tag="650" ind1="2" ind2="4">
    <subfield code="a">MOTIVACI&#xD3;N Y CAPACITACI&#xD3;N</subfield>
  </datafield>
  <datafield tag="650" ind1="2" ind2="4">
    <subfield code="a">ORGANIZACI&#xD3;N Y REMUNERACI&#xD3;N</subfield>
  </datafield>
  <datafield tag="700" ind1="1" ind2=" ">
    <subfield code="a">Lancaster, Geoffrey</subfield>
    <subfield code="e">autor</subfield>
  </datafield>
  <datafield tag="700" ind1=" " ind2=" ">
    <subfield code="a">Gonz&#xE1;lez Osuna, Marcia A&#xED;da</subfield>
    <subfield code="e">traductora</subfield>
  </datafield>
  <datafield tag="942" ind1=" " ind2=" ">
    <subfield code="c">LB</subfield>
  </datafield>
</record>
